[Event "Moscow-ch op Superfinal"]
[Site "Ershovo"]
[Date "2024.02.27"]
[Round "7"]
[White "Yurasova, Daria"]
[Black "Ovod, Evgenija"]
[Result "1-0"]
[WhiteElo "2005"]
[BlackElo "2260"]
[PlyCount "83"]
[EventDate "2024.02.23"]
[EventType "swiss"]
[EventRounds "10"]
[EventCountry "RUS"]
[SourceTitle "CB10_2024"]
[SourceDate "2024.03.06"]
[SourceVersion "1"]
[SourceVersionDate "2024.03.06"]
[SourceQuality "1"]

1. c4 e6 2. Nf3 d5 3. e3 Nf6 4. Nc3 b6 5. cxd5 exd5 6. g3 Bd6 7. Bg2 0-0 8. 0-0 Re8 9. Re1 Bb7 10. b3 Nbd7 11. Bb2 a6 12. Rc1 Rc8 13. Ne2 c5 14. d4 c4 15. Nd2 b5 16. bxc4 bxc4 17. Bc3 Bc6 18. Rb1 Nf8 19. Qc2 Qd7 20. Rb6 Bb5 21. Nf4 Ne6 22. Nxd5 Nxd5 23. Bxd5 Bc7 24. Rxb5 axb5 25. Be4 g6 26. Bg2 f5 27. Ba1 Ba5 28. Rc1 Rc7 29. Nf3 Qd6 30. Rd1 Nd8 31. d5 Rc5 32. Nd4 b4 33. Qa4 Re7 34. Nc6 Nxc6 35. dxc6 Qxd1+ 36. Qxd1 c3 37. Bd5+ Kf8 38. Qd4 Rxd5 39. Qxd5 Bb6 40. Qb5 c2 41. Bb2 Bc7 42. Qc4 1-0

[Event "Moscow-ch op Superfinal"]
[Site "Ershovo"]
[Date "2024.02.26"]
[Round "6"]
[White "Ovod, Evgenija"]
[Black "Antipov, Fedor"]
[Result "1-0"]
[WhiteElo "2260"]
[BlackElo "2013"]
[PlyCount "125"]
[EventDate "2024.02.23"]
[EventType "swiss"]
[EventRounds "10"]
[EventCountry "RUS"]
[SourceTitle "CB10_2024"]
[SourceDate "2024.03.06"]
[SourceVersion "1"]
[SourceVersionDate "2024.03.06"]
[SourceQuality "1"]

1. e4 c5 2. Nf3 Nf6 3. e5 Nd5 4. Nc3 e6 5. Nxd5 exd5 6. d4 Nc6 7. dxc5 Bxc5 8. Bd3 d6 9. exd6 Qxd6 10. 0-0 Be6 11. c3 h6 12. Re1 Bb6 13. Be3 Bxe3 14. Rxe3 0-0 15. Bc2 Bg4 16. Qd3 g6 17. Nd4 Ne5 18. Qf1 Rfe8 19. Rae1 Bd7 20. h3 a5 21. a4 Rac8 22. Nb5 Qf6 23. Rd1 Nc4 24. Rf3 Qe5 25. Bb3 Bf5 26. Bxc4 dxc4 27. Nd6 Bd3 28. Rfxd3 cxd3 29. Nxc8 Rxc8 30. Rxd3 Qf5 31. Qe2 Kg7 32. Rd4 Rc6 33. Qd2 Re6 34. Rd5 Qb1+ 35. Kh2 Qe4 36. Rxa5 b6 37. f3 Qc4 38. Rb5 Qc7+ 39. f4 g5 40. Qd4+ Kg6 41. Rb4 f5 42. Rc4 Qb7 43. Qd3 Qe7 44. Qd5 Qf6 45. Rd4 Re8 46. Qd7 Re6 47. b4 Kh5 48. Qd5 Kg6 49. b5 Re3 50. Qd6 Re6 51. Qd8 Qxd8 52. Rxd8 gxf4 53. c4 Kg5 54. Rd2 f3 55. gxf3 Kf4 56. a5 bxa5 57. c5 Ke3 58. Rb2 a4 59. c6 Re5 60. c7 Rc5 61. b6 a3 62. Ra2 Kxf3 63. b7 1-0

[Event "Wch Blitz (Women)"]
[Site "Samarkand"]
[Date "2023.12.30"]
[Round "16"]
[White "Aydin, Gulenay"]
[Black "Ovod, Evgenija"]
[Result "0-1"]
[WhiteElo "2152"]
[BlackElo "2260"]
[PlyCount "116"]
[EventDate "2023.12.29"]
[EventType "swiss (blitz)"]
[EventRounds "17"]
[EventCountry "UZB"]
[SourceTitle "CB01_2024"]
[SourceDate "2024.01.03"]
[SourceVersion "1"]
[SourceVersionDate "2024.01.03"]
[SourceQuality "1"]

1. e4 e5 2. Nf3 Nc6 3. Nc3 Nf6 4. d4 exd4 5. Nxd4 Bb4 6. Nxc6 bxc6 7. Bd3 d5 8. exd5 cxd5 9. 0-0 0-0 10. h3 h6 11. Qf3 c6 12. Bf4 Bd6 13. Ne2 Rb8 14. b3 Bb7 15. Rad1 c5 16. Qg3 Nh5 17. Qg4 Nxf4 18. Nxf4 Qg5 19. Qxg5 hxg5 20. Nxd5 Bxd5 21. Ba6 Rfd8 22. Rxd5 Bh2+ 23. Kxh2 Rxd5 24. Bd3 Re8 25. a4 Rde5 26. Rd1 Re1 27. Rd2 g6 28. Bb5 R8e7 29. Rd8+ Kg7 30. Bc4 Rc1 31. Bd3 c4 32. bxc4 Ra1 33. c5 Rxa4 34. Rd5 g4 35. hxg4 Rxg4 36. g3 Rb4 37. Rd6 Rc7 38. c6 Rb6 39. Be4 a5 40. c4 a4 41. c5 Ra6 42. Rd7 Raa7 43. Rd2 a3 44. Ra2 Kf6 45. Kg2 Ke5 46. Kf3 f5 47. Bd3 Rxc6 48. Re2+ Kf6 49. Bc4 Rxc5 50. Ba2 Rc6 51. Kg2 Rb6 52. Re8 Rb2 53. Rf8+ Kg7 54. Rg8+ Kh7 55. Bd5 a2 56. Bxa2 Raxa2 57. Rd8 Rxf2+ 58. Kh3 Rh2# 0-1

[Event "Wch Blitz (Women)"]
[Site "Samarkand"]
[Date "2023.12.30"]
[Round "15"]
[White "Ovod, Evgenija"]
[Black "Batsiashvili, Nino"]
[Result "1/2-1/2"]
[WhiteElo "2260"]
[BlackElo "2451"]
[PlyCount "113"]
[EventDate "2023.12.29"]
[EventType "swiss (blitz)"]
[EventRounds "17"]
[EventCountry "UZB"]
[SourceTitle "CB01_2024"]
[SourceDate "2024.01.03"]
[SourceVersion "1"]
[SourceVersionDate "2024.01.03"]
[SourceQuality "1"]

1. d4 Nf6 2. Bf4 d6 3. e3 g6 4. h3 Bg7 5. Nf3 0-0 6. Be2 Nbd7 7. 0-0 e5 8. Bh2 Ne4 9. Nbd2 Nxd2 10. Qxd2 e4 11. Ne1 Qe7 12. c4 Nf6 13. Rc1 h5 14. c5 dxc5 15. Rxc5 c6 16. b4 Be6 17. b5 Bd5 18. bxc6 bxc6 19. Nc2 Nd7 20. Ra5 Nb6 21. Nb4 Qe6 22. Rc1 Rfc8 23. Ba6 Nc4 24. Bxc4 Bxc4 25. Rc5 Bd5 26. Nxd5 cxd5 27. Qa5 Rxc5 28. Rxc5 Bf8 29. Rxd5 Rc8 30. Bg3 Bb4 31. Qb5 a6 32. Qd7 Qxd7 33. Rxd7 Rc1+ 34. Kh2 Rc2 35. a4 Be1 36. Re7 Bxf2 37. Bxf2 Rxf2 38. Rxe4 Rd2 39. Re8+ Kg7 40. Ra8 Rd3 41. Rxa6 Rxe3 42. d5 Rd3 43. d6 Rd4 44. Kg3 Kf6 45. Kf3 Ke5 46. Ke3 Rd1 47. Ke2 Rd4 48. Ke3 Rd1 49. Ke2 Rd5 50. Ra7 Rxd6 51. Rxf7 Ra6 52. Re7+ Kf5 53. Rf7+ Kg5 54. Kf2 Rxa4 55. Kg3 h4+ 56. Kh2 Ra2 57. Re7 1/2-1/2

[Event "Wch Blitz (Women)"]
[Site "Samarkand"]
[Date "2023.12.29"]
[Round "3"]
[White "Ovod, Evgenija"]
[Black "Khotenashvili, Bela"]
[Result "1-0"]
[WhiteElo "2260"]
[BlackElo "2467"]
[PlyCount "157"]
[EventDate "2023.12.29"]
[EventType "swiss (blitz)"]
[EventRounds "17"]
[EventCountry "UZB"]
[SourceTitle "CB01_2024"]
[SourceDate "2024.01.03"]
[SourceVersion "1"]
[SourceVersionDate "2024.01.03"]
[SourceQuality "1"]

1. d4 g6 2. e4 c6 3. Nf3 d5 4. exd5 cxd5 5. Bf4 Nc6 6. c3 Nf6 7. Nbd2 Bf5 8. h3 Bg7 9. Be2 0-0 10. 0-0 Ne4 11. Re1 Rc8 12. g4 Nxd2 13. Nxd2 Bd7 14. Qb3 e6 15. Qxb7 f6 16. Qb3 Na5 17. Qc2 e5 18. dxe5 fxe5 19. Bg3 Qb6 20. Nb3 Nc4 21. Rad1 Bc6 22. Bxc4 dxc4 23. Nd2 Bb7 24. Ne4 Rcd8 25. Qe2 Qc6 26. f3 Kh8 27. Kh2 Qa6 28. Rxd8 Rxd8 29. Rd1 Rf8 30. a3 Qb6 31. Rd6 Qb5 32. Kg2 Bxe4 33. fxe4 Rb8 34. Qd2 h6 35. Rd8+ Rxd8 36. Qxd8+ Kh7 37. Qd2 Qc6 38. Qd5 Qb6 39. Qd2 Qb7 40. Qe2 Qb5 41. h4 a5 42. h5 gxh5 43. gxh5 Qb7 44. Kh3 Qd7+ 45. Qg4 Qc6 46. Qf5+ Kg8 47. Bxe5 Bxe5 48. Qxe5 Qd7+ 49. Qf5 Qd3+ 50. Kh4 Qc2 51. Qg6+ Kf8 52. Qxh6+ Ke7 53. Qg5+ Ke6 54. Qd5+ Ke7 55. Qxc4 Qh2+ 56. Kg4 Qg2+ 57. Kf4 Qh2+ 58. Ke3 Qxb2 59. Qc5+ Ke6 60. Qd5+ Ke7 61. Qe5+ Kd7 62. Qf5+ Ke7 63. Qg5+ Ke6 64. Qg6+ Ke7 65. Qg7+ Ke6 66. Qg8+ Ke7 67. Qh7+ Ke6 68. Qf5+ Ke7 69. Qe5+ Kd7 70. Qd5+ Ke7 71. Qxa5 Qc1+ 72. Kd3 Qd1+ 73. Kc4 Qe2+ 74. Kc5 Qxh5+ 75. Kb4 Qe2 76. Qc7+ Ke8 77. Qc6+ Ke7 78. Qc5+ Ke8 79. Qb5+ 1-0

[Event "Wch Blitz (Women)"]
[Site "Samarkand"]
[Date "2023.12.29"]
[Round "8"]
[White "Pourkashiyan, Atousa"]
[Black "Ovod, Evgenija"]
[Result "1-0"]
[WhiteElo "2259"]
[BlackElo "2260"]
[PlyCount "103"]
[EventDate "2023.12.29"]
[EventType "swiss (blitz)"]
[EventRounds "17"]
[EventCountry "UZB"]
[SourceTitle "CB01_2024"]
[SourceDate "2024.01.03"]
[SourceVersion "1"]
[SourceVersionDate "2024.01.03"]
[SourceQuality "1"]

1. e4 e5 2. Nf3 Nc6 3. Bb5 Nf6 4. d3 Bc5 5. 0-0 d6 6. c3 0-0 7. h3 Bb6 8. Nbd2 Ne7 9. Nc4 Ng6 10. Nxb6 axb6 11. Bc4 Be6 12. Bb3 Bxb3 13. Qxb3 h6 14. Qd1 Nh7 15. d4 Qe7 16. Re1 Ng5 17. Nxg5 hxg5 18. Qg4 f6 19. g3 Rfe8 20. h4 exd4 21. cxd4 c5 22. Qf5 Qf7 23. hxg5 cxd4 24. gxf6 Re5 25. Qf3 Re6 26. Bg5 Ra5 27. Bd2 Rxf6 28. Qe2 d3 29. Qxd3 Ne5 30. Qe2 Nf3+ 31. Kg2 Nxe1+ 32. Rxe1 Rxa2 33. Bc3 Ra8 34. Bxf6 Qxf6 35. Qc4+ Kf8 36. Re3 Ke7 37. Qc7+ Ke6 38. Rf3 Qg6 39. Qxb7 Ra1 40. Qc8+ Ke7 41. Qf8+ Ke6 42. e5 dxe5 43. Qc8+ Ke7 44. Qc7+ Ke8 45. Qxe5+ Kd8 46. Qb8+ Kd7 47. Qb7+ Ke8 48. Qc8+ Ke7 49. Qc7+ Ke8 50. Re3+ Kf8 51. Qd8+ Kf7 52. Qe8+ 1-0

[Event "Wch Rapid (Women)"]
[Site "Samarkand"]
[Date "2023.12.27"]
[Round "8"]
[White "Mkrtchyan, Mariam"]
[Black "Ovod, Evgenija"]
[Result "0-1"]
[WhiteElo "2344"]
[BlackElo "2260"]
[PlyCount "82"]
[EventDate "2023.12.26"]
[EventType "swiss (rapid)"]
[EventRounds "11"]
[EventCountry "UZB"]
[SourceTitle "CB01_2024"]
[SourceDate "2024.01.03"]
[SourceVersion "1"]
[SourceVersionDate "2024.01.03"]
[SourceQuality "1"]

1. Nf3 d5 2. g3 Bg4 3. Bg2 c6 4. c4 Nf6 5. Ne5 Be6 6. cxd5 Bxd5 7. Nf3 c5 8. Nc3 Bc6 9. 0-0 Nbd7 10. d3 e5 11. e4 Bd6 12. Nh4 Nf8 13. f4 Ne6 14. Be3 0-0 15. Nf5 Bc7 16. Rc1 Re8 17. h3 Qd7 18. Rc2 Rad8 19. Rd2 Nd4 20. Nh4 b5 21. f5 Bb6 22. g4 h6 23. Kh1 c4 24. dxc4 bxc4 25. g5 hxg5 26. Bxg5 Qe7 27. Qe1 Rd6 28. Nf3 Nxf3 29. Rxf3 Rxd2 30. Qxd2 Rd8 31. Qe2 Qc5 32. Be3 Rd4 33. Rf1 Nxe4 34. Kh2 Nf6 35. Bxd4 exd4 36. Nd1 Qd6+ 37. Kh1 Qg3 38. Qf2 Qxh3+ 39. Kg1 Qg4 40. Kh2 d3 41. Qg3 Bc7 0-1

[Event "Wch Rapid (Women)"]
[Site "Samarkand"]
[Date "2023.12.26"]
[Round "1"]
[White "Ovod, Evgenija"]
[Black "Omonova, Umida"]
[Result "0-1"]
[WhiteElo "2260"]
[BlackElo "2257"]
[PlyCount "114"]
[EventDate "2023.12.26"]
[EventType "swiss (rapid)"]
[EventRounds "11"]
[EventCountry "UZB"]
[SourceTitle "CB01_2024"]
[SourceDate "2024.01.03"]
[SourceVersion "1"]
[SourceVersionDate "2024.01.03"]
[SourceQuality "1"]

1. d4 Nf6 2. Bf4 e6 3. e3 c5 4. Nd2 cxd4 5. exd4 b6 6. c3 Ba6 7. Bxa6 Nxa6 8. Ngf3 Be7 9. h3 0-0 10. 0-0 d6 11. Qe2 Nc7 12. a4 Qd7 13. Rfe1 a6 14. Nc4 Ncd5 15. Bh2 b5 16. axb5 axb5 17. Ne3 Nxe3 18. fxe3 d5 19. Nd2 Rfc8 20. Be5 b4 21. c4 dxc4 22. Bxf6 Bxf6 23. Nxc4 Qc7 24. b3 h6 25. Qf3 Rxa1 26. Rxa1 e5 27. dxe5 Bxe5 28. Ra8 Bf6 29. Rxc8+ Qxc8 30. Qd5 Qe8 31. Kf2 g6 32. Kf3 Kg7 33. e4 Bc3 34. g4 Qe7 35. e5 Qh4 36. Kg2 Qe1 37. Nd6 Qe2+ 38. Kg1 Qe3+ 39. Kg2 Qf4 40. e6 Be5 41. Nxf7 Qg3+ 42. Kf1 Qxh3+ 43. Ke2 Qxg4+ 44. Kd3 Bf6 45. Qc4 Qf3+ 46. Kc2 Qf5+ 47. Kd1 Bc3 48. Nd6 Qb1+ 49. Ke2 Qe1+ 50. Kf3 Qd1+ 51. Kg2 Qxd6 52. Qc8 Qd5+ 53. Kf1 Qf3+ 54. Kg1 Bd4+ 55. Kh2 Qf2+ 56. Kh3 Qf1+ 57. Kg3 Be5+ 0-1

[Event "Khanty-Mansiysk TOP 28 Blitz GP (Women)"]
[Site "Khanty-Mansiysk"]
[Date "2023.12.04"]
[Round "4"]
[White "Borisova, Ekaterina"]
[Black "Ovod, Evgenija"]
[Result "1-0"]
[WhiteElo "2168"]
[BlackElo "2260"]
[PlyCount "85"]
[EventDate "2023.12.04"]
[EventType "tourn (blitz)"]
[EventRounds "13"]
[EventCountry "RUS"]
[SourceTitle "CB49_2023"]
[SourceDate "2023.12.06"]
[SourceVersion "1"]
[SourceVersionDate "2023.12.06"]
[SourceQuality "1"]

1. Nf3 d5 2. g3 Nf6 3. Bg2 c5 4. c4 d4 5. e3 Nc6 6. exd4 cxd4 7. 0-0 e6 8. d3 a5 9. Bg5 h6 10. Bxf6 Qxf6 11. Nbd2 Qd8 12. Rc1 Bc5 13. Ne4 Qe7 14. a3 0-0 15. Re1 a4 16. Nfd2 f5 17. Nxc5 Qxc5 18. Bxc6 Qxc6 19. Nf3 Rd8 20. Ne5 Qc7 21. Qh5 Ra5 22. f4 b6 23. Qg6 Rc5 24. Re2 b5 25. Rce1 bxc4 26. Nxc4 Qf7 27. Qxf7+ Kxf7 28. Re5 Rdd5 29. Rc1 Kf6 30. Rce1 Kf7 31. Kf2 Ba6 32. Rxd5 exd5 33. Ne5+ Kg8 34. Re2 g5 35. Rd2 Kg7 36. Nf3 gxf4 37. gxf4 Kf6 38. Nxd4 Rc1 39. Nf3 Rb1 40. Ke3 Rf1 41. Ne5 d4+ 42. Kxd4 Rxf4+ 43. Ke3 1-0

[Event "Khanty-Mansiysk TOP 28 Blitz GP (Women)"]
[Site "Khanty-Mansiysk"]
[Date "2023.12.04"]
[Round "8"]
[White "Chkhan, Viktoria"]
[Black "Ovod, Evgenija"]
[Result "0-1"]
[WhiteElo "2083"]
[BlackElo "2260"]
[PlyCount "60"]
[EventDate "2023.12.04"]
[EventType "tourn (blitz)"]
[EventRounds "13"]
[EventCountry "RUS"]
[SourceTitle "CB49_2023"]
[SourceDate "2023.12.06"]
[SourceVersion "1"]
[SourceVersionDate "2023.12.06"]
[SourceQuality "1"]

1. d4 d5 2. c4 e6 3. Nf3 Nf6 4. g3 dxc4 5. Bg2 Bd7 6. Qc2 Bc6 7. Qxc4 Bd5 8. Qc2 Be4 9. Qc4 Bd5 10. Qc2 c5 11. Nc3 Bc6 12. dxc5 Bxc5 13. 0-0 0-0 14. a3 a5 15. Bf4 Nbd7 16. h3 h6 17. Rfd1 Qe7 18. Na4 Be4 19. Qb3 Nd5 20. Bd2 Ba7 21. Nc3 Nxc3 22. Bxc3 Nc5 23. Qa2 Bd5 24. Qb1 Nb3 25. Ra2 Rfd8 26. Ne5 Bxg2 27. Kxg2 Qc5 28. a4 Qxf2+ 29. Kh1 Qxg3 30. Rd3 Rxd3 0-1

[Event "Khanty-Mansiysk TOP 28 Blitz GP (Women)"]
[Site "Khanty-Mansiysk"]
[Date "2023.12.04"]
[Round "2"]
[White "Goganova, Yana"]
[Black "Ovod, Evgenija"]
[Result "0-1"]
[WhiteElo "1966"]
[BlackElo "2260"]
[PlyCount "94"]
[EventDate "2023.12.04"]
[EventType "tourn (blitz)"]
[EventRounds "13"]
[EventCountry "RUS"]
[SourceTitle "CB49_2023"]
[SourceDate "2023.12.06"]
[SourceVersion "1"]
[SourceVersionDate "2023.12.06"]
[SourceQuality "1"]

1. e4 e5 2. Nf3 Nc6 3. Bb5 Nf6 4. d3 Bc5 5. 0-0 d6 6. c3 Bb6 7. h3 0-0 8. Re1 h6 9. Nbd2 Ne7 10. Nf1 c6 11. Ba4 Ng6 12. Ng3 Be6 13. Be3 Re8 14. Bc2 Qc7 15. a4 a5 16. d4 Rad8 17. Qb1 Bc8 18. Bb3 exd4 19. cxd4 d5 20. e5 Nh7 21. Bc2 Nhf8 22. Bf5 Bxf5 23. Nxf5 Ne6 24. Nd6 Rf8 25. Qc1 f6 26. Qc2 fxe5 27. Nxb7 Qxb7 28. Qxg6 Nxd4 29. Nxe5 Rf6 30. Qg4 Nf5 31. Rad1 Nxe3 32. fxe3 Re8 33. Nf3 Rxe3 34. Rxe3 Bxe3+ 35. Kh1 Qxb2 36. Nh4 Qb4 37. Qc8+ Kh7 38. Nf5 Qxa4 39. Rf1 Qc4 40. Rf3 Qc1+ 41. Kh2 Bf4+ 42. g3 Qc2+ 43. Kg1 Qxf5 44. Qxc6 Be3+ 45. Rxe3 Qf2+ 46. Kh1 Qf1+ 47. Kh2 Rf2# 0-1

[Event "Khanty-Mansiysk TOP 28 Blitz GP (Women)"]
[Site "Khanty-Mansiysk"]
[Date "2023.12.04"]
[Round "5"]
[White "Ovod, Evgenija"]
[Black "Goltseva, Ekaterina"]
[Result "0-1"]
[WhiteElo "2260"]
[BlackElo "2331"]
[PlyCount "94"]
[EventDate "2023.12.04"]
[EventType "tourn (blitz)"]
[EventRounds "13"]
[EventCountry "RUS"]
[SourceTitle "CB49_2023"]
[SourceDate "2023.12.06"]
[SourceVersion "1"]
[SourceVersionDate "2023.12.06"]
[SourceQuality "1"]

1. d4 e6 2. Bf4 Nf6 3. e3 c5 4. Nd2 b6 5. a4 cxd4 6. exd4 a6 7. Ngf3 Bb7 8. Bd3 Be7 9. h3 d6 10. 0-0 0-0 11. c3 Nbd7 12. Qe2 Re8 13. Bh2 Bf8 14. Rfe1 e5 15. dxe5 dxe5 16. Bc4 h6 17. Rad1 e4 18. Nd4 Ne5 19. Bxe5 Rxe5 20. N2f3 Re8 21. Nh4 Qc7 22. Nhf5 g6 23. Ne3 Bg7 24. Qc2 Rad8 25. Qb3 Re7 26. Ne2 Rxd1 27. Rxd1 Nd7 28. Nd4 Ne5 29. Bd5 Nd3 30. Bxb7 Qxb7 31. Nd5 Re8 32. Nxb6 Rb8 33. a5 Qc7 34. Qc2 Bxd4 35. Nd5 Qc5 36. Rxd3 exd3 37. Qxd3 Qxd5 38. cxd4 Qxa5 39. d5 Rd8 40. d6 Qa1+ 41. Kh2 Qxb2 42. f4 Qb6 43. d7 Qc6 44. f5 Rxd7 45. Qe3 Qd6+ 46. Kh1 Re7 47. Qxh6 Re1# 0-1

[Event "Khanty-Mansiysk TOP 28 Blitz GP (Women)"]
[Site "Khanty-Mansiysk"]
[Date "2023.12.04"]
[Round "1"]
[White "Ovod, Evgenija"]
[Black "Kovanova, Baira"]
[Result "1-0"]
[WhiteElo "2260"]
[BlackElo "2337"]
[PlyCount "69"]
[EventDate "2023.12.04"]
[EventType "tourn (blitz)"]
[EventRounds "13"]
[EventCountry "RUS"]
[SourceTitle "CB49_2023"]
[SourceDate "2023.12.06"]
[SourceVersion "1"]
[SourceVersionDate "2023.12.06"]
[SourceQuality "1"]

1. d4 Nf6 2. Bf4 e6 3. e3 d5 4. Nf3 Bd6 5. Nbd2 0-0 6. Bd3 c5 7. dxc5 Bxf4 8. exf4 Qc7 9. g3 Qxc5 10. 0-0 b6 11. Nb3 Qc7 12. Qe2 Bb7 13. Nbd4 Nbd7 14. c3 Nc5 15. Bc2 Nfe4 16. Rfe1 Rfe8 17. Qf1 Qe7 18. Qh3 h6 19. Ne5 Nd7 20. Rad1 Rac8 21. Bxe4 Nxe5 22. Bh7+ Kxh7 23. fxe5 Rc4 24. f4 b5 25. Nxb5 Qc5+ 26. Nd4 Qb6 27. Qg2 Rec8 28. Rd2 Ba6 29. Qf2 Ra4 30. a3 Rac4 31. f5 exf5 32. Qxf5+ Kg8 33. e6 fxe6 34. Rxe6 Qc7 35. Rxa6 1-0

[Event "Khanty-Mansiysk TOP 28 Blitz GP (Women)"]
[Site "Khanty-Mansiysk"]
[Date "2023.12.04"]
[Round "12"]
[White "Zhurova, Anna"]
[Black "Ovod, Evgenija"]
[Result "0-1"]
[WhiteElo "2181"]
[BlackElo "2260"]
[PlyCount "60"]
[EventDate "2023.12.04"]
[EventType "tourn (blitz)"]
[EventRounds "13"]
[EventCountry "RUS"]
[SourceTitle "CB49_2023"]
[SourceDate "2023.12.06"]
[SourceVersion "1"]
[SourceVersionDate "2023.12.06"]
[SourceQuality "1"]

1. e4 e5 2. Nf3 Nc6 3. Bb5 Nf6 4. 0-0 Nxe4 5. Re1 Nd6 6. a4 Be7 7. Nc3 0-0 8. d4 Nxd4 9. Nxd4 exd4 10. Nd5 Bf6 11. Bf4 Nxb5 12. axb5 d6 13. Ra3 Be5 14. Bxe5 dxe5 15. Rxe5 Be6 16. Nf4 Qd6 17. Nd3 Bc4 18. Rg5 h6 19. Rg3 Bxb5 20. Qg4 g6 21. h4 h5 22. Qg5 Bxd3 23. Raxd3 Rae8 24. Qxh5 Re1+ 25. Kh2 Rfe8 26. Qh6 Rf1 27. h5 Ree1 28. Kh3 Rh1+ 29. Kg4 Qe6+ 30. Kf4 Qf5# 0-1

[Event "Khanty-Mansiysk TOP 28 Rapid GP (Women)"]
[Site "Khanty-Mansiysk"]
[Date "2023.12.02"]
[Round "7"]
[White "Ovod, Evgenija"]
[Black "Borisova, Ekaterina"]
[Result "0-1"]
[WhiteElo "2256"]
[BlackElo "2168"]
[PlyCount "108"]
[EventDate "2023.12.01"]
[EventType "tourn (rapid)"]
[EventRounds "13"]
[EventCountry "RUS"]
[SourceTitle "CB49_2023"]
[SourceDate "2023.12.06"]
[SourceVersion "1"]
[SourceVersionDate "2023.12.06"]
[SourceQuality "1"]

1. d4 Nf6 2. Bf4 g6 3. e3 Bg7 4. Nf3 0-0 5. Be2 d6 6. h3 Nc6 7. Nc3 Nd7 8. 0-0 e5 9. Bh2 Re8 10. Re1 a6 11. a4 b6 12. dxe5 Ndxe5 13. Nxe5 Nxe5 14. f4 Nd7 15. Bf3 Rb8 16. Ra3 Bb7 17. Bxb7 Rxb7 18. Qd5 Rb8 19. b4 Qh4 20. Re2 Qe7 21. Qc6 Rbc8 22. e4 Nf6 23. b5 d5 24. Rb3 dxe4 25. bxa6 Rcd8 26. f5 Nh5 27. Rxe4 Bd4+ 28. Kf1 Qf8 29. Bxc7 Bxc3 30. Rxc3 Rxe4 31. Qxe4 Re8 32. Qf3 Qb4 33. Kg1 Qd4+ 34. Kh2 Re1 35. h4 Qxh4+ 36. Qh3 Qd4 37. Qf3 Qh4+ 38. Qh3 Qd4 39. Qf3 Qg1+ 40. Kh3 Qh1+ 41. Kg4 Nf6+ 42. Kg5 Kg7 43. Qh3 Ne4+ 44. Kf4 g5+ 45. Ke5 Nf2+ 46. Qe3 Rxe3+ 47. Rxe3 Ng4+ 48. Kd4 Qg1 49. Be5+ f6 50. a7 Qxe3+ 51. Kd5 Qxe5+ 52. Kc6 Qe4+ 53. Kc7 Qa8 54. Kxb6 Ne5 0-1

[Event "Khanty-Mansiysk TOP 28 Rapid GP (Women)"]
[Site "Khanty-Mansiysk"]
[Date "2023.12.01"]
[Round "3"]
[White "Ovod, Evgenija"]
[Black "Volchkova, Alena"]
[Result "1-0"]
[WhiteElo "2256"]
[BlackElo "1942"]
[PlyCount "59"]
[EventDate "2023.12.01"]
[EventType "tourn (rapid)"]
[EventRounds "13"]
[EventCountry "RUS"]
[SourceTitle "CB49_2023"]
[SourceDate "2023.12.06"]
[SourceVersion "1"]
[SourceVersionDate "2023.12.06"]
[SourceQuality "1"]

1. d4 Nf6 2. Bf4 e6 3. e3 b6 4. Qf3 d5 5. h4 Bb7 6. Nc3 a6 7. 0-0-0 Nbd7 8. h5 h6 9. Qg3 Rc8 10. Nf3 c5 11. Ne5 c4 12. e4 b5 13. exd5 Nxd5 14. Ne4 N7f6 15. Nc5 Rxc5 16. dxc5 c3 17. Bd3 cxb2+ 18. Kxb2 Qa5 19. Bg6 Bxc5 20. Bxf7+ Kf8 21. Bxe6 Nxf4 22. Qxf4 Ba3+ 23. Kb1 Be4 24. Ng6+ Bxg6 25. hxg6 Qc3 26. Qd4 Qxd4 27. Rxd4 Ke7 28. Re1 Bc5 29. Bf5+ Kf8 30. Rd8+ 1-0

[Event "Khanty-Mansiysk Governor Cup Rapid"]
[Site "Khanty-Mansiysk"]
[Date "2023.11.27"]
[Round "8"]
[White "Ovod, Evgenija"]
[Black "Faizrakhmanov, Ramil"]
[Result "0-1"]
[WhiteElo "2256"]
[BlackElo "2460"]
[PlyCount "160"]
[EventDate "2023.11.26"]
[EventType "swiss (rapid)"]
[EventRounds "11"]
[EventCountry "RUS"]
[SourceTitle "CB49_2023"]
[SourceDate "2023.12.06"]
[SourceVersion "1"]
[SourceVersionDate "2023.12.06"]
[SourceQuality "1"]

1. d4 Nf6 2. Nf3 d5 3. Bf4 c5 4. c3 Nc6 5. e3 cxd4 6. exd4 Bf5 7. Nbd2 e6 8. Qb3 Qc8 9. Nh4 Be4 10. Nxe4 dxe4 11. g3 h6 12. Ng2 Be7 13. Be2 0-0 14. 0-0 Nd5 15. Bd2 Rd8 16. f3 exf3 17. Bxf3 Na5 18. Qc2 Bf6 19. Qd3 Qc4 20. Qe4 Rac8 21. Be2 Qc6 22. Bd3 Kf8 23. Rae1 Nc4 24. Bc1 Nd6 25. Qh7 Ke7 26. Bb1 Qa6 27. Nf4 Nxf4 28. Bxf4 Rh8 29. Bxd6+ Qxd6 30. Qe4 Qb6 31. Re2 Rhd8 32. Kg2 Qc6 33. Qxc6 bxc6 34. b4 a5 35. a3 Ra8 36. Be4 axb4 37. axb4 Ra3 38. Rf3 Kd6 39. g4 Rda8 40. b5 Ra2 41. Rff2 Rxe2 42. Rxe2 Ra3 43. Bxc6 Rxc3 44. Rd2 Rc4 45. d5 Rxg4+ 46. Kf3 Rb4 47. dxe6+ Kxe6 48. Bd5+ Ke7 49. Bc6 Be5 50. Rd7+ Ke6 51. Rb7 f5 52. Bd7+ Kf6 53. Rb6+ Kg5 54. Be8 Rb3+ 55. Kg2 Kf4 56. Re6 Rb2+ 57. Kf1 Rxh2 58. Bd7 Rb2 59. Ra6 h5 60. Bc6 h4 61. b6 h3 62. b7 h2 63. Ra4+ Kg5 64. Ra5 Kf6 65. Ra6 Rb1+ 66. Ke2 Kg5 67. Ra5 Bc7 68. Rc5 Bb8 69. Bg2 h1Q 70. Bxh1 Rxh1 71. Rc8 Bf4 72. b8Q Bxb8 73. Rxb8 Kg4 74. Kf2 Rh2+ 75. Kg1 Rd2 76. Rb4+ f4 77. Rb8 Kg3 78. Kf1 f3 79. Ke1 f2+ 80. Kxd2 f1Q 0-1

[Event "RUS-chT Blitz (Women)"]
[Site "Sochi"]
[Date "2023.10.17"]
[Round "7.9"]
[White "Ovod, Evgenija"]
[Black "Petrukhina, Olga"]
[Result "0-1"]
[WhiteElo "2256"]
[BlackElo "2100"]
[PlyCount "112"]
[EventDate "2023.10.17"]
[EventType "team-tourn (blitz)"]
[EventRounds "13"]
[EventCountry "RUS"]
[SourceTitle "Mega2024 Update 01"]
[Source "Chessbase"]
[SourceDate "2023.11.12"]
[SourceVersion "1"]
[SourceVersionDate "2023.11.12"]
[SourceQuality "1"]
[WhiteTeam "St Petersburg SSHOR (W)"]
[BlackTeam "Bashkortostan (W)"]
[WhiteTeamCountry "RUS"]
[BlackTeamCountry "RUS"]

1. d4 e6 2. Bf4 Nf6 3. e3 c5 4. c3 b6 5. Nd2 Bb7 6. Ngf3 Be7 7. h3 cxd4 8. exd4 d6 9. Be2 Nbd7 10. 0-0 0-0 11. Re1 Qc7 12. Qc2 Rfe8 13. Rad1 a6 14. Bh2 b5 15. a3 Bc6 16. Bd3 Qb7 17. Ne4 Nxe4 18. Bxe4 Bxe4 19. Rxe4 Nf6 20. Re2 h6 21. Rde1 a5 22. Qd3 Rec8 23. Nd2 d5 24. g4 b4 25. axb4 axb4 26. c4 dxc4 27. Nxc4 Rd8 28. b3 Nd5 29. f4 Bf6 30. Ne5 Nc3 31. Rd2 Qd5 32. Qc4 Qxc4 33. bxc4 b3 34. Rd3 b2 35. Rxc3 Ra1 36. Rce3 b1Q 37. Rxb1 Rxb1+ 38. Kg2 Rxd4 39. Bg3 Bxe5 40. fxe5 Rxc4 41. Rd3 Rbc1 42. Rd8+ Kh7 43. Rf8 R1c2+ 44. Kf3 R4c3+ 45. Kf4 g5+ 46. Ke4 Kg7 47. Ra8 Rxg3 48. Kd4 Rxh3 49. Ra1 Rg2 50. Kc5 Rxg4 51. Kd6 Rd4+ 52. Ke7 Rf4 53. Ra8 g4 54. Re8 g3 55. Rd8 g2 56. Rd2 Rg3 0-1